Teams of Bundesliga(German first division) 2023/2024-football - Statistics

General Stats
  • This quiz has been taken 13 times
  • The average score is 15 of 18
Answer Stats
year formed: Answer % Correct
1900 FC Bayern München
100%
2009 RB Leipzig
100%
1899 TSG Hoffenheim
100%
1948 1. FC Köln
92%
1966 1. FC Union Berlin
92%
1904 Bayer 04 Leverkusen
92%
1909 Borussia Dortmund
92%
1900 Borussia Mönchengladbach
92%
1907 FC Augsburg
92%
1904 Sport-Club Freiburg
92%
1893 VfB Stuttgart
92%
1899 SV Werder Bremen
85%
1898 SV Darmstadt 98.
77%
1945 VfL Wolfsburg
77%
1905 1. FSV Mainz 05
69%
1899 Eintracht Frankfurt
69%
2007 1. FC Heidenheim 1846
62%
1938 VfL Bochum 1848
8%
No matching quizzes found
Score Distribution
Percent of People with Each Score
Percentile by Number Answered
Your Score History
You have not taken this quiz